| 000 | 01294nam a2200337 a 4500 | ||
|---|---|---|---|
| 003 | EG-ScBUE | ||
| 005 | 20221215095052.0 | ||
| 008 | 150428s2014 cc a f 000 0 mul d | ||
| 020 | _a9787562342694 (v. 1.) | ||
| 020 | _a9787562342700 (v. 2.) | ||
| 020 | _a9787562342687 (v. 3.) | ||
| 020 | _a9787562342854 (v. 4.) | ||
| 040 |
_aEG-ScBUE _beng _erda _cEG-ScBUE _dEG-ScBUE |
||
| 041 | 0 |
_aeng _achi |
|
| 082 | 0 | 4 |
_a728 _bFRO _222 |
| 245 | 0 | 0 | _aFrom concept to building. |
| 264 | 1 |
_a[Guangzhou, China] : _bJTart Publishing & Media : _bSouth china university of technology press, _c2014. |
|
| 300 |
_a4 volumes : _bcolor illustrations ; _c32 cm |
||
| 336 |
_2rdacontent _atext _btxt |
||
| 337 |
_2rdamedia _aunmediated _bn |
||
| 338 |
_2rdacarrier _avolume _bnc |
||
| 505 | 0 | _aVolume 1. Shopping center and Urban complex -- Volume 2. Commercial complex -- Volume 3. Office building and Transportation building -- Volume 4. Hotel building and Cultural & Art building. | |
| 546 | _aText in English and Chinese. | ||
| 650 | 7 |
_aBuilding. _2BUEsh _937769 |
|
| 650 | 7 |
_aHotels _xDesign and construction. _2BUEsh _937754 |
|
| 650 | 7 |
_aOffice buildings. _2BUEsh _937692 |
|
| 650 | 7 |
_aArchitecture. _2BUEsh _95773 |
|
| 653 |
_bENGARC _cApril2015 |
||
| 655 | _vReading book | ||
| 942 |
_2ddc _k728 FRO _cBB |
||
| 999 |
_c19236 _d19208 |
||